[Event "Challenge"]
[Site "http://www.queenalice.com/game.php?id=1817838"]
[Date "2023.8.2"]
[Round "-"]
[White "ljkhalil"]
[Black "BB_chess"]
[Result "1-0"]
[WhiteElo "2164"]
[BlackElo "1029"]

1. e4 e5 2. Nf3 d6 3. Bd3 g6 4. O-O Nf6 5. b3 Be7 6. Bb2 Be6 7. c4 Qd7 8. Nc3
Nc6 9. Nd5 Nxd5 10. cxd5 Bg4 11. dxc6 Qxc6 12. Nxe5 dxe5 13. Qxg4 f5 14. exf5
Qd7 15. Bxe5 O-O-O 16. Bxh8 Rxh8 17. Qf3 Rf8 18. Ba6 bxa6 19. Qa8# 1-0

[Event "Challenge"]
[Site "http://www.queenalice.com/game.php?id=1817839"]
[Date "2023.8.2"]
[Round "-"]
[White "BB_chess"]
[Black "ljkhalil"]
[Result "0-1"]
[WhiteElo "1027"]
[BlackElo "2165"]

1. e4 e5 2. Nf3 Nc6 3. Nc3 Nf6 4. d4 exd4 5. Nd5 Nxe4 6. Bd3 f5 7. O-O Bd6 8. c3
dxc3 9. bxc3 O-O 10. a4 Ne7 11. Nb4 Kh8 12. Qb3 c5 13. Nh4 cxb4 14. Ng6+ Nxg6
15. cxb4 Be5 16. Ra2 d5 17. a5 a6 18. b5 Bb8 19. b6 Qd6 20. Qb4 Qxh2# 0-1

[Event "Challenge"]
[Site "http://www.queenalice.com/game.php?id=1818218"]
[Date "2023.8.7"]
[Round "-"]
[White "BB_chess"]
[Black "ljkhalil"]
[Result "0-1"]
[WhiteElo "1025"]
[BlackElo "2166"]

1. e4 e5 2. c3 g6 3. d4 Bg7 4. Nf3 exd4 5. cxd4 Nf6 6. Bd3 Nc6 7. O-O O-O 8. Bd2
a5 9. b4 Nxb4 10. Bb5 Nxe4 11. Bf4 c6 12. Ba4 Nd5 13. Bd2 b5 14. Bb3 a4 15. Bc2
Re8 16. Qe1 Ng3 17. hxg3 Rxe1 18. Rxe1 c5 19. Be3 Nxe3 20. fxe3 Qa5 21. Nbd2
cxd4 22. exd4 Bxd4+ 23. Nxd4 Qxd2 24. Kf1 Qxd4 25. Rab1 Qc4+ 26. Re2 Qxa2 27.
Rbe1 b4 28. Rc1 Ba6 29. Be4 Qxe2+ 30. Kg1 Qe3+ 31. Kh1 Qxc1+ 32. Kh2 Qh6+ 33.
Kg1 Qe3+ 34. Kh2 Qxe4 35. Kh3 g5 36. g4 Bf1 37. Kh2 Qxg2# 0-1

[Event "Challenge"]
[Site "http://www.queenalice.com/game.php?id=1818219"]
[Date "2023.8.7"]
[Round "-"]
[White "ljkhalil"]
[Black "BB_chess"]
[Result "1-0"]
[WhiteElo "2167"]
[BlackElo "1021"]

1. d4 d5 2. g3 g6 3. Bg2 c6 4. Nf3 Nf6 5. O-O e6 6. b3 Bb4 7. a3 Bd6 8. c4 O-O
9. Qd2 a6 10. h3 b5 11. Qh6 Re8 12. c5 Bc7 13. Nbd2 Nbd7 14. Ng5 Re7 15. Ndf3
Qf8 16. Qh4 e5 17. dxe5 Nxe5 18. Bb2 Bd7 19. Nxe5 Bxe5 20. Bxe5 Rxe5 21. Nf3 Re6
22. Nd4 Re7 23. Qxf6 Qg7 24. Qxe7 h6 25. Qxd7 Rf8 26. Rad1 h5 27. Qxc6 Ra8 28.
Bxd5 Rf8 29. Qxa6 b4 30. axb4 Re8 31. c6 Re7 32. Qb6 Qf6 33. Qb8+ Kg7 34. c7 Qe5
35. c8=Q Qxb8 36. Qxb8 h4 37. g4 f6 38. Qg8+ Kh6 39. Nf3 Rg7 40. Qxg7+ Kxg7 41.
Be4 Kf7 42. Rd6 Ke7 43. Rc6 Kf7 44. g5 fxg5 45. Bxg6+ Kg7 46. Bf5 Kf7 47. Ra1 g4
48. Ra7+ Kf8 49. Rc8# 1-0

[Event "Challenge"]
[Site "http://www.queenalice.com/game.php?id=1818666"]
[Date "2023.8.13"]
[Round "-"]
[White "ljkhalil"]
[Black "BB_chess"]
[Result "1-0"]
[WhiteElo "2168"]
[BlackElo "1019"]

1. d4 d5 2. Nf3 Nf6 3. e3 e6 4. Bd3 Bd6 5. O-O O-O 6. a3 Qd7 7. Nc3 b6 8. Bd2 c5
9. h3 Nc6 10. dxc5 bxc5 11. Nb5 Bb8 12. Bc3 e5 13. a4 e4 14. Bxf6 exd3 15. Bxg7
Kxg7 16. Qxd3 h6 17. Qc3+ d4 18. exd4 cxd4 19. Nbxd4 Nxd4 20. Nxd4 Bb7 21. Nf5+
Kg6 22. Qg7+ Kh5 23. Qxh6# 1-0

[Event "Challenge"]
[Site "http://www.queenalice.com/game.php?id=1819096"]
[Date "2023.8.19"]
[Round "-"]
[White "ljkhalil"]
[Black "BB_chess"]
[Result "1-0"]
[WhiteElo "2169"]
[BlackElo "1017"]

1. d4 d5 2. Nc3 e6 3. e4 Nf6 4. exd5 exd5 5. Nf3 Nc6 6. Qe2+ Be7 7. Be3 O-O 8.
O-O-O Bf5 9. Kb1 Qd6 10. Nh4 Be6 11. f4 g6 12. Rg1 h5 13. h3 a5 14. g4 Bxg4 15.
hxg4 Nxg4 16. Rxg4 b6 17. Qg2 Nd8 18. Nxg6 Re8 19. Nxe7+ Kf8 20. Nf5 Qd7 21.
Rg8# 1-0

[Event "Challenge"]
[Site "http://www.queenalice.com/game.php?id=1819097"]
[Date "2023.8.19"]
[Round "-"]
[White "BB_chess"]
[Black "ljkhalil"]
[Result "0-1"]
[WhiteElo "1015"]
[BlackElo "2170"]

1. e4 c5 2. c3 Nc6 3. Ne2 e6 4. g3 Nf6 5. f3 Be7 6. d4 cxd4 7. cxd4 O-O 8. Bf4
Qb6 9. Bh3 Qxb2 10. Nd2 Bb4 11. e5 Nd5 12. Bg5 h6 13. Bh4 Bxd2+ 14. Qxd2 Qxa1+
15. Qd1 Qxd1+ 16. Kxd1 g5 17. Bxg5 hxg5 18. Ke1 b5 19. Nc1 Nxd4 20. Kf2 Bb7 21.
Bg2 Nc3 22. Rf1 f5 23. h3 g4 24. hxg4 fxg4 25. Ke3 Nf5+ 26. Kf2 gxf3 27. Bxf3
Bxf3 28. Kxf3 Nxg3+ 29. Kg2 Rxf1 30. Kxg3 Rxc1 31. Kf4 Re1 32. Kg3 Rf8 33. a3
Rg1+ 34. Kh4 Rf7 35. Kh5 Rh7# 0-1

[Event "Challenge"]
[Site "http://www.queenalice.com/game.php?id=1819651"]
[Date "2023.8.26"]
[Round "-"]
[White "ljkhalil"]
[Black "BB_chess"]
[Result "1-0"]
[WhiteElo "2172"]
[BlackElo "1011"]

1. d4 d5 2. e4 c6 3. exd5 cxd5 4. Nf3 e6 5. Bd3 g6 6. O-O Bd6 7. Nc3 Nf6 8. Bh6
Qe7 9. Re1 Bd7 10. Bg5 Nc6 11. Nxd5 exd5 12. Rxe7+ Kxe7 13. Qe2+ Be6 14. c4 Kd7
15. Bxf6 Rhe8 16. Ne5+ Nxe5 17. Bxe5 Bxe5 18. cxd5 Bxd4 19. Bb5+ Ke7 20. Bxe8
Rxe8 21. dxe6 fxe6 22. Re1 Be5 23. Qxe5 Kf7 24. g4 b5 25. Qxb5 Re7 26. g5 Kg7
27. Qe5+ Kf7 28. Qf6+ Ke8 29. Rxe6 Rxe6 30. Qxe6+ Kd8 31. Kg2 Kc7 32. Kf3 Kd8
33. Qf7 h5 34. Ke4 a6 35. Kd5 a5 36. Kc6 a4 37. Qd7# 1-0

[Event "Challenge"]
[Site "http://www.queenalice.com/game.php?id=1819652"]
[Date "2023.8.26"]
[Round "-"]
[White "BB_chess"]
[Black "ljkhalil"]
[Result "0-1"]
[WhiteElo "1013"]
[BlackElo "2171"]

1. e4 d5 2. exd5 Qxd5 3. Bd3 g6 4. Nf3 e5 5. O-O Ne7 6. c4 Qxd3 7. Qe1 e4 8. Nh4
g5 9. Nf3 exf3 10. Qe5 fxg2 11. Kxg2 Bh3+ 12. Kg1 Qxf1# 0-1

[Event "Challenge"]
[Site "http://www.queenalice.com/game.php?id=1820069"]
[Date "2023.9.1"]
[Round "-"]
[White "BB_chess"]
[Black "ljkhalil"]
[Result "0-1"]
[WhiteElo "1005"]
[BlackElo "2174"]

1. e4 e5 2. f4 exf4 3. d4 Qh4+ 4. g3 fxg3 5. Bh3 Qxe4+ 6. Qe2 Qxe2+ 7. Kxe2 gxh2
8. Rxh2 Nc6 9. Nf3 d5 10. Be3 Bxh3 11. Rxh3 Kd7 12. Rh5 Nf6 13. Rf5 Nb4 14. c3
Nc2 15. Bf4 Nxa1 16. Kd2 c6 17. Be5 Ne4+ 18. Ke2 f6 19. Bf4 g6 20. Ne5+ Ke6 21.
Nxg6 hxg6 22. Rxf6+ Kxf6 23. Be5+ Kf7 24. Bxh8 Bg7 25. Bxg7 Kxg7 26. Kd1 Rf8 27.
Nd2 Rf2 28. Nxe4 dxe4 29. d5 cxd5 30. a4 Kf6 31. a5 Nb3 32. Ke1 Rd2 33. a6 bxa6
34. c4 dxc4 35. Kf1 Kf5 36. Ke1 Kf4 37. Kf1 Kg3 38. Ke1 Kf3 39. Kf1 Rd1# 0-1

[Event "Challenge"]
[Site "http://www.queenalice.com/game.php?id=1820070"]
[Date "2023.9.1"]
[Round "-"]
[White "ljkhalil"]
[Black "BB_chess"]
[Result "1-0"]
[WhiteElo "2173"]
[BlackElo "1007"]

1. d4 d5 2. e3 b6 3. Bd3 g6 4. Nf3 Nf6 5. O-O e6 6. b3 Bb4 7. a3 Bd6 8. c4 O-O
9. cxd5 exd5 10. Re1 c5 11. dxc5 bxc5 12. e4 dxe4 13. Bxe4 Nxe4 14. g3 Qb6 15.
Rxe4 Bb7 16. Re3 h5 17. Nbd2 Qc6 18. Ne4 Be5 19. Nxe5 Qe6 20. Nxc5 Qh3 21. Nxb7
Re8 22. Qd5 a5 23. Qxf7+ Kh8 24. Nxg6# 1-0

[Event "Challenge"]
[Site "http://www.queenalice.com/game.php?id=1820561"]
[Date "2023.9.9"]
[Round "-"]
[White "BB_chess"]
[Black "ljkhalil"]
[Result "0-1"]
[WhiteElo "1001"]
[BlackElo "2176"]

1. d4 d5 2. c4 dxc4 3. e4 b5 4. Nc3 a6 5. a4 Bb7 6. f3 e6 7. Nge2 g6 8. d5 exd5
9. exd5 Ne7 10. Nf4 Bg7 11. Bd2 O-O 12. Be2 Nxd5 13. Nfxd5 Bxd5 14. axb5 axb5
15. Nxd5 Qxd5 16. Rxa8 Qxa8 17. Bb4 Re8 18. O-O Bxb2 19. Qd2 Qa7+ 20. Rf2 Bd4
21. Qh6 c5 22. Ba3 Qxa3 23. g3 Rxe2 24. Qf4 Rxf2 25. Qc1 Qxc1# 0-1

[Event "Challenge"]
[Site "http://www.queenalice.com/game.php?id=1820562"]
[Date "2023.9.9"]
[Round "-"]
[White "ljkhalil"]
[Black "BB_chess"]
[Result "1-0"]
[WhiteElo "2175"]
[BlackElo "1003"]

1. d4 d5 2. Nf3 f6 3. g3 Nd7 4. Bg2 e5 5. dxe5 fxe5 6. Qxd5 Ngf6 7. Qd1 Bc5 8.
O-O O-O 9. c3 Rf7 10. Qc2 Kf8 11. Ng5 Re7 12. Qf5 Rf7 13. Ne6+ Ke7 14. Nxd8 Kxd8
15. b4 Bd6 16. Qc2 b6 17. Bxa8 Nd5 18. Bxd5 Re7 19. Qxh7 g5 20. Bxg5 Ke8 21.
Bxe7 Nc5 22. Qf7+ Kd7 23. Bg5+ Be7 24. Qxe7# 1-0

[Event "Challenge"]
[Site "http://www.queenalice.com/game.php?id=1820842"]
[Date "2023.9.14"]
[Round "-"]
[White "BB_chess"]
[Black "ljkhalil"]
[Result "0-1"]
[WhiteElo "997"]
[BlackElo "2178"]

1. e4 e5 2. Nc3 d6 3. Qe2 g6 4. g3 Bg7 5. f4 exf4 6. gxf4 Bf6 7. Nf3 c6 8. e5
dxe5 9. fxe5 Bg7 10. d4 Ne7 11. Be3 O-O 12. O-O-O Nd5 13. Bd2 Nxc3 14. Bxc3 Be6
15. b3 b5 16. a4 bxa4 17. bxa4 Qd5 18. Kd2 Na6 19. Qxa6 Qxf3 20. Rg1 Bh6+ 21.
Ke1 Qxc3+ 22. Ke2 Qe3# 0-1

[Event "Challenge"]
[Site "http://www.queenalice.com/game.php?id=1820843"]
[Date "2023.9.14"]
[Round "-"]
[White "ljkhalil"]
[Black "BB_chess"]
[Result "1-0"]
[WhiteElo "2177"]
[BlackElo "999"]

1. e4 e5 2. Nf3 d6 3. Bd3 Be7 4. O-O Nf6 5. Nc3 O-O 6. Nd5 Nxd5 7. exd5 g6 8.
Be4 Nd7 9. d4 Bf6 10. c3 Nb6 11. Bh6 Re8 12. dxe5 Be7 13. e6 fxe6 14. Qd4 Nd7
15. Qg7# 1-0

[Event "Challenge"]
[Site "http://www.queenalice.com/game.php?id=1821505"]
[Date "2023.9.24"]
[Round "-"]
[White "ljkhalil"]
[Black "BB_chess"]
[Result "1-0"]
[WhiteElo "2179"]
[BlackElo "993"]

1. e4 e5 2. Nf3 c6 3. Bd3 b5 4. O-O d5 5. Nxe5 Be6 6. exd5 Bxd5 7. Re1 Bc5 8.
Nxc6+ Kd7 9. Nxd8 Kxd8 10. Qg4 Nf6 11. Qxg7 Rg8 12. Qxf6+ Kd7 13. Bxb5+ Nc6 14.
d4 Bb4 15. c3 Ba5 16. Bxc6+ Bxc6 17. Re7+ Kd8 18. Qd6+ Kc8 19. Qxc6+ Kb8 20.
Qb7# 1-0

[Event "Challenge"]
[Site "http://www.queenalice.com/game.php?id=1821506"]
[Date "2023.9.24"]
[Round "-"]
[White "BB_chess"]
[Black "ljkhalil"]
[Result "0-1"]
[WhiteElo "991"]
[BlackElo "2180"]

1. e4 d6 2. c3 c5 3. d4 cxd4 4. cxd4 g6 5. Nf3 Bg7 6. Be3 Nf6 7. Bc4 Nxe4 8. Qd3
Nf6 9. O-O O-O 10. Qb3 d5 11. Bb5 a6 12. Ba4 b5 13. Bxb5 axb5 14. Qxb5 Ba6 15.
Qc5 Bxf1 16. Kxf1 Nbd7 17. Qb4 Nb6 18. Nc3 Ne4 19. Nxe4 dxe4 20. Ne5 Bxe5 21.
Qc5 Bxh2 22. b3 Bd6 23. Qd5 Nxd5 24. Bg5 Bf4 25. Bh4 Rc8 26. a3 Rc1+ 27. Rxc1
Bxc1 28. b4 Bxa3 29. b5 Nb6 30. Bg3 Qxd4 31. Bc7 Qd1# 0-1

[Event "Challenge"]
[Site "http://www.queenalice.com/game.php?id=1823517"]
[Date "2023.10.21"]
[Round "-"]
[White "ljkhalil"]
[Black "BB_chess"]
[Result "1-0"]
[WhiteElo "2162"]
[BlackElo "1010"]

1. e4 e5 2. Bd3 c6 3. Nf3 f6 4. O-O Bc5 5. a3 Ne7 6. b4 Bb6 7. c4 O-O 8. c5 Bc7
9. Bc4+ d5 10. exd5 cxd5 11. Bb3 Qe8 12. Nc3 g5 13. Nxd5 Bd6 14. Nxf6+ Kg7 15.
Nxe8+ Rxe8 16. cxd6 Nec6 17. Nxg5 Nd4 18. Bd5 Rf8 19. Qh5 Kf6 20. Nxh7+ Kg7 21.
Be4 Kh8 22. Nf6+ Kg7 23. Qg6+ Kh8 24. Qh7# 1-0

[Event "Challenge"]
[Site "http://www.queenalice.com/game.php?id=1823518"]
[Date "2023.10.21"]
[Round "-"]
[White "BB_chess"]
[Black "ljkhalil"]
[Result "0-1"]
[WhiteElo "1008"]
[BlackElo "2163"]

1. e4 e5 2. c3 Nf6 3. f3 Bd6 4. Ne2 O-O 5. d4 exd4 6. cxd4 c5 7. d5 c4 8. Qd4
Bb4+ 9. Bd2 Bxd2+ 10. Nxd2 b5 11. O-O-O Qa5 12. Nc3 Bb7 13. d6 Nc6 14. Qc5 Nb4
15. a3 Nd3+ 16. Kc2 Nxc5 17. Rb1 Rfe8 18. h3 Ncxe4 19. fxe4 Nxe4 20. Nb3 cxb3+
21. Kxb3 Nxc3 22. bxc3 Qa4+ 23. Ka2 Qc2+ 24. Rb2 Bd5+ 25. Bc4 Bxc4+ 26. Ka1 Qxc3
27. Rb1 Qxa3+ 28. Ra2 Qxa2# 0-1

[Event "Challenge"]
[Site "http://www.queenalice.com/game.php?id=1824066"]
[Date "2023.10.27"]
[Round "-"]
[White "JORAM2205"]
[Black "ljkhalil"]
[Result "1-0"]
[WhiteElo "2270"]
[BlackElo "2171"]

1. d4 d5 2. e3 g6 3. Nc3 Bg7 4. Bd2 Nf6 5. Bd3 O-O 6. Nf3 a6 7. O-O Bg4 8. h3
Bxf3 9. Qxf3 c6 10. Rfd1 b6 11. a4 Nbd7 12. e4 dxe4 13. Nxe4 Nxe4 14. Qxe4 Nb8
15. c3 Ra7 16. Bf4 b5 17. axb5 Qb6 18. Bxb8 Rxb8 19. Rxa6 Rxa6 20. bxa6 e6 21.
b4 1-0

[Event "Challenge"]
[Site "http://www.queenalice.com/game.php?id=1824067"]
[Date "2023.10.27"]
[Round "-"]
[White "ljkhalil"]
[Black "JORAM2205"]
[Result "0-1"]
[WhiteElo "2181"]
[BlackElo "2260"]

1. d4 Nf6 2. Nc3 d5 3. Nf3 Bf5 4. e3 e6 5. Bd3 Nc6 6. O-O Ne4 7. Bb5 Nxc3 8.
Bxc6+ bxc6 9. bxc3 Bd6 10. Qe2 Qf6 11. c4 O-O 12. c5 Bxc5 13. dxc5 Qxa1 0-1

[Event "Challenge"]
[Site "http://www.queenalice.com/game.php?id=1826302"]
[Date "2023.11.30"]
[Round "-"]
[White "ljkhalil"]
[Black "BB_chess"]
[Result "1-0"]
[WhiteElo "2153"]
[BlackElo "1002"]

1. d4 f6 2. e4 e5 3. Nf3 d6 4. Be3 b6 5. Bd3 f5 6. exf5 Qf6 7. Bg5 Qf7 8. dxe5
Bxf5 9. O-O Be7 10. Bxf5 Qxf5 11. Qd5 c6 12. Nd4 Qxg5 13. Nxc6 Nxc6 14. Qxc6+
Kf7 15. Qxa8 Qxe5 16. Nc3 h5 17. Rae1 Qc5 18. Re3 Rh6 19. Qd5+ Qxd5 20. Nxd5 Bg5
21. Rf3+ Nf6 22. Nxf6 gxf6 23. Rc3 Rh8 24. Rc7+ Ke6 25. Rxa7 Rc8 26. Re1+ Kd5
27. Re2 Bh4 28. b3 Kc6 29. Re4 d5 30. Rxh4 Re8 31. Kf1 f5 32. Rxh5 Re6 33. Rxf5
Rd6 34. h4 Rh6 35. g3 Kc5 36. a3 Kc6 37. Raf7 Kc5 38. c3 Kc6 39. R5f6+ Rxf6 40.
Rxf6+ Kc5 41. h5 b5 42. Ke2 d4 43. Rf5+ Kd6 44. cxd4 Kc6 45. b4 Kb6 46. Rf6+ Kc7
47. h6 Kd7 48. h7 Ke7 49. Ra6 Kf8 50. Ra7 Ke8 51. h8=Q# 1-0

[Event "Challenge"]
[Site "http://www.queenalice.com/game.php?id=1826303"]
[Date "2023.11.30"]
[Round "-"]
[White "BB_chess"]
[Black "ljkhalil"]
[Result "0-1"]
[WhiteElo "1006"]
[BlackElo "2164"]

1. e4 d6 2. d4 Nf6 3. f3 g6 4. g4 Bg7 5. c3 O-O 6. Bc4 d5 7. exd5 Nxd5 8. Qd3
Be6 9. Bb3 Nc6 10. Nd2 Nf4 11. Qe3 Ng2+ 12. Ke2 Nxe3 13. Kxe3 Qd6 14. Ne2 Rad8
15. Bxe6 Qxe6+ 16. Ne4 f5 17. gxf5 gxf5 18. Nf4 Bh6 19. Kd3 fxe4+ 20. Ke3 Bxf4+
21. Ke2 exf3+ 22. Kxf3 Bxc1+ 23. Kg3 Qg6+ 24. Kh3 Rf3+ 25. Kh4 Qg5# 0-1

[Event "Challenge"]
[Site "http://www.queenalice.com/game.php?id=1827592"]
[Date "2023.12.19"]
[Round "-"]
[White "JJerzy"]
[Black "ljkhalil"]
[Result "1/2-1/2"]
[WhiteElo "2169"]
[BlackElo "2165"]

1. d4 d5 2. Nf3 Nf6 3. Bg5 Ne4 4. e3 Nxg5 5. Nxg5 e5 6. Nf3 e4 7. Nfd2 Bd6 8. g3
Be6 9. Bg2 Qd7 10. O-O Bh3 11. f3 Bxg2 12. Kxg2 f5 13. fxe4 dxe4 14. c4 O-O 15.
c5 Be7 16. Qb3+ Kh8 17. Qxb7 Nc6 18. Qb3 Bf6 19. Qa4 Qd5 20. Nc3 Qd7 21. d5 Bxc3
22. bxc3 Qxd5 23. Nb3 Rf6 24. Rad1 Qe5 25. Qc4 Rd8 26. Nd4 Rb8 27. Rb1 Rbf8 28.
Nxc6 Rxc6 29. Rb5 Rd8 30. Rfb1 Rd2+ 31. Kg1 h6 32. Rc1 1/2-1/2

[Event "Challenge"]
[Site "http://www.queenalice.com/game.php?id=1827593"]
[Date "2023.12.19"]
[Round "-"]
[White "ljkhalil"]
[Black "JJerzy"]
[Result "0-1"]
[WhiteElo "2165"]
[BlackElo "2169"]

1. d4 d5 2. Nc3 e6 3. e4 dxe4 4. Nxe4 Nd7 5. Bd3 Ngf6 6. Nf3 Nxe4 7. Bxe4 Nf6 8.
Bd3 Be7 9. O-O O-O 10. c3 b6 11. a4 Bb7 12. a5 Be4 13. Ng5 Bxd3 14. Qxd3 h6 15.
Nf3 Qd5 16. b4 Qe4 17. Qc4 Bd6 18. Be3 Qd5 19. Qd3 Rad8 20. axb6 axb6 21. c4 Qe4
22. Qd2 c5 23. Ra6 cxd4 24. Nxd4 Be5 25. f3 Qxe3+ 26. Qxe3 Bxd4 27. Qxd4 Rxd4
28. Rxb6 Rxc4 29. Rb1 Rfc8 30. Kf2 R4c7 31. b5 Nd5 0-1